[Event "European School Championships"]
[Site "Rhodes, Greece"]
[Date "2022.04.29"]
[Round "9.4"]
[White "Gabadadze, Gabriel"]
[Black "Steiners, Emils"]
[Result "1-0"]
[WhiteElo "1507"]
[BlackElo "1731"]
[PlyCount "77"]
[EventDate "2022.04.21"]
[EventRounds "9"]

1. e4 c5 {[%emt 0:00:24]} 2. Nf3 {[%emt 0:00:04]} e6 {[%emt 0:00:15]} 3. d4 {
[%emt 0:00:03]} cxd4 {[%emt 0:00:09]} 4. Nxd4 {[%emt 0:00:05]} Nc6 {[%emt 0:00:
09]} 5. Nc3 {[%emt 0:00:06]} Qc7 {[%emt 0:00:05]} 6. Be3 {[%emt 0:00:18]} a6 {
[%emt 0:00:04]} 7. a3 {[%emt 0:00:10]} Nf6 {[%emt 0:00:07]} 8. f4 {[%emt 0:00:
09]} d6 {[%emt 0:00:05]} 9. Bd3 {[%emt 0:00:09]} Be7 {[%emt 0:01:04]} 10. Qf3 {
[%emt 0:01:10]} Nxd4 {[%emt 0:09:25]} 11. Bxd4 {[%emt 0:00:12]} e5 {[%emt 0:00:
08]} 12. fxe5 {[%emt 0:03:11]} dxe5 {[%emt 0:00:10]} 13. Be3 {[%emt 0:00:10]}
O-O {[%emt 0:03:46]} 14. O-O {[%emt 0:02:12]} b5 {[%emt 0:00:53]} 15. Bg5 {
[%emt 0:08:57]} Bb7 {[%emt 0:06:29]} 16. Qh3 {[%emt 0:05:13]} Rad8 {[%emt 0:06:
00]} 17. Kh1 {[%emt 0:03:49]} Qb6 {[%emt 0:12:08]} 18. Qg3 {[%emt 0:16:31]} Qd6
{[%emt 0:10:55]} 19. Rad1 {[%emt 0:03:52]} Qe6 {[%emt 0:03:08]} 20. Rf5 {
[%emt 0:09:50]} Nd7 {[%emt 0:08:50]} 21. Rdf1 {[%emt 0:07:57]} Bxg5 {[%emt 0:
04:42]} 22. Rxg5 {[%emt 0:01:35]} g6 {[%emt 0:00:25]} 23. Be2 {[%emt 0:04:30]}
Qe7 {[%emt 0:05:07]} 24. Qh4 {[%emt 0:05:32]} f6 {[%emt 0:04:15]} 25. Rg3 {
[%emt 0:01:02]} Nc5 {[%emt 0:00:32]} 26. Bh5 {[%emt 0:02:14]} Ne6 {[%emt 0:00:
47]} 27. Bxg6 {[%emt 0:03:47]} hxg6 {[%emt 0:01:18]} 28. Rxg6+ {[%emt 0:00:05]}
Ng7 {[%emt 0:01:54]} 29. Ne2 Bc8 {[%emt 0:08:38]} 30. Ng3 {[%emt 0:00:47]} Qe8
{[%emt 0:04:41]} 31. Qh6 {[%emt 0:01:30]} Rf7 {[%emt 0:01:52]} 32. Nh5 {
[%emt 0:01:57]} Qe7 {[%emt 0:02:54]} 33. Rxg7+ {[%emt 0:03:31]} Rxg7 {[%emt 0:
00:19]} 34. Nxf6+ {[%emt 0:00:08]} Kf8 {[%emt 0:05:16]} 35. Nd5+ {[%emt 0:00:
24]} Ke8 {[%emt 0:01:33]} 36. Nxe7 {[%emt 0:00:14]} Rxe7 {[%emt 0:00:12]} 37.
Qf8+ {[%emt 0:00:08]} Kd7 {[%emt 0:00:13]} 38. Rd1+ {[%emt 0:00:08]} Kc6 {
[%emt 0:00:15]} 39. Qxd8 {[%emt 0:00:10]} 1-0

[Event "European School Championships"]
[Site "Rhodes, Greece"]
[Date "2022.04.29"]
[Round "9.5"]
[White "Rutkowski, Feliks"]
[Black "Ochedzan, Filip"]
[Result "1/2-1/2"]
[WhiteElo "1300"]
[BlackElo "1873"]
[PlyCount "87"]
[EventDate "2022.04.21"]
[EventRounds "9"]

1. e4 {[%emt 0:00:02]} c5 {[%emt 0:00:07]} 2. Nf3 {[%emt 0:00:03]} d6 {[%emt 0:
00:17]} 3. d4 {[%emt 0:00:05]} cxd4 {[%emt 0:00:13]} 4. Nxd4 {[%emt 0:00:07]}
Nf6 {[%emt 0:00:32]} 5. Nc3 {[%emt 0:00:07]} a6 {[%emt 0:00:27]} 6. Be3 {
[%emt 0:00:08]} e5 {[%emt 0:00:41]} 7. Nb3 {[%emt 0:00:06]} Be6 {[%emt 0:00:44]
} 8. f3 {[%emt 0:01:16]} h5 {[%emt 0:01:09]} 9. Qd2 {[%emt 0:01:39]} Nbd7 {
[%emt 0:01:03]} 10. O-O-O {[%emt 0:00:59]} Rc8 {[%emt 0:05:19]} 11. Kb1 {
[%emt 0:03:25]} Qc7 {[%emt 0:05:40]} 12. h3 {[%emt 0:06:06]} h4 {[%emt 0:02:23]
} 13. Bf2 {[%emt 0:10:03]} b5 {[%emt 0:04:21]} 14. Bxb5 {[%emt 0:17:21]} axb5 {
[%emt 0:04:49]} 15. Nxb5 {[%emt 0:00:23]} Qb7 {[%emt 0:02:20]} 16. Nxd6+ {
[%emt 0:04:03]} Bxd6 {[%emt 0:01:34]} 17. Qxd6 {[%emt 0:00:27]} Rc6 {[%emt 0:
05:25]} 18. Na5 {[%emt 0:12:36]} Rxd6 {[%emt 0:05:59]} 19. Nxb7 {[%emt 0:00:08]
} Ra6 {[%emt 0:02:20]} 20. a3 {[%emt 0:00:47]} O-O {[%emt 0:05:25]} 21. Nc5 {
[%emt 0:08:34]} Nxc5 {[%emt 0:02:21]} 22. Bxc5 {[%emt 0:00:37]} Rc8 {[%emt 0:
02:23]} 23. Bb4 {[%emt 0:04:21]} Nd7 {[%emt 0:05:12]} 24. Rd2 {[%emt 0:01:03]}
Rac6 {[%emt 0:11:38]} 25. Rhd1 {[%emt 0:01:26]} R8c7 {[%emt 0:01:55]} 26. b3 {
[%emt 0:06:19]} g6 {[%emt 0:07:13]} 27. Kb2 {[%emt 0:05:10]} f5 {[%emt 0:02:43]
} 28. exf5 {[%emt 0:02:12]} Bxf5 {[%emt 0:00:19]} 29. c4 {[%emt 0:00:10]} Nc5 {
[%emt 0:01:16]} 30. Bxc5 {[%emt 0:03:24]} Rxc5 {[%emt 0:00:04]} 31. Rd5 {
[%emt 0:00:23]} Kf7 {[%emt 0:00:37]} 32. Kc3 {[%emt 0:00:42]} e4 {[%emt 0:05:
31]} 33. fxe4 {[%emt 0:05:25]} Bxe4 {[%emt 0:00:04]} 34. R5d4 {[%emt 0:00:10]}
Bxg2 {[%emt 0:04:03]} 35. Rxh4 {[%emt 0:00:49]} Rh5 {[%emt 0:02:14]} 36. Rf4+ {
[%emt 0:02:17]} Rf5 {[%emt 0:02:42]} 37. Rxf5+ {[%emt 0:00:45]} gxf5 {[%emt 0:
00:02]} 38. Rg1 {[%emt 0:00:39]} Be4 {[%emt 0:01:04]} 39. b4 {[%emt 0:04:43]}
Bd5 {[%emt 0:00:46]} 40. c5 {[%emt 0:00:25]} Bc6 {[%emt 0:04:36]} 41. Rd1 {
[%emt 0:15:25]} f4 {[%emt 0:18:38]} 42. Rd4 {[%emt 0:03:52]} f3 {[%emt 0:00:18]
} 43. b5 {[%emt 0:02:11]} Bxb5 {[%emt 0:02:25]} 44. Rf4+ {[%emt 0:00:44]}
1/2-1/2

[Event "European School Championships"]
[Site "Rhodes, Greece"]
[Date "2022.04.29"]
[Round "9.6"]
[White "Ward, Cian"]
[Black "Doganay, Kerem Gokalp"]
[Result "1-0"]
[WhiteElo "1367"]
[BlackElo "1216"]
[PlyCount "67"]
[EventDate "2022.04.21"]
[EventRounds "9"]

1. e4 {[%emt 0:00:01]} c5 {[%emt 0:00:05]} 2. c3 {[%emt 0:00:03]} Nf6 {[%emt 0:
00:10]} 3. e5 {[%emt 0:00:20]} Nd5 {[%emt 0:00:06]} 4. d4 {[%emt 0:00:09]} cxd4
{[%emt 0:00:06]} 5. cxd4 {[%emt 0:00:02]} Nc6 {[%emt 0:00:24]} 6. Nf3 {[%emt 0:
01:03]} d6 {[%emt 0:00:22]} 7. Bc4 {[%emt 0:00:50]} Nb6 {[%emt 0:00:29]} 8. Bb3
{[%emt 0:00:21]} dxe5 {[%emt 0:02:03]} 9. Nxe5 {[%emt 0:01:55]} e6 {[%emt 0:03:
37]} 10. Nxc6 {[%emt 0:01:17]} bxc6 {[%emt 0:00:14]} 11. O-O {[%emt 0:01:32]}
Be7 {[%emt 0:02:27]} 12. Bf4 {[%emt 0:03:17]} O-O {[%emt 0:01:55]} 13. Nc3 {
[%emt 0:01:30]} Qd7 {[%emt 0:07:53]} 14. Bc2 {[%emt 0:01:02]} Rd8 {[%emt 0:04:
41]} 15. Qd3 {[%emt 0:00:50]} g6 {[%emt 0:03:05]} 16. Rad1 {[%emt 0:01:31]} a5
{[%emt 0:03:10]} 17. Qg3 {[%emt 0:03:17]} Bd6 {[%emt 0:03:35]} 18. Ne4 {
[%emt 0:00:55]} Bxf4 {[%emt 0:01:08]} 19. Nf6+ {[%emt 0:01:19]} Kg7 {[%emt 0:
00:20]} 20. Nxd7 {[%emt 0:00:14]} Bxg3 {[%emt 0:00:26]} 21. Nxb6 {[%emt 0:00:
10]} Ba6 {[%emt 0:00:35]} 22. Nxa8 {[%emt 0:02:19]} Bd6 {[%emt 0:00:02]} 23.
Nb6 {[%emt 0:01:06]} Rb8 {[%emt 0:00:33]} 24. Na4 {[%emt 0:00:38]} Bxf1 {
[%emt 0:00:27]} 25. Kxf1 {[%emt 0:00:16]} Rb4 {[%emt 0:00:22]} 26. b3 {[%emt 0:
00:30]} Rb5 {[%emt 0:00:25]} 27. h3 {[%emt 0:00:45]} e5 {[%emt 0:01:24]} 28.
dxe5 {[%emt 0:01:14]} Bxe5 {[%emt 0:00:07]} 29. Be4 {[%emt 0:00:32]} c5 {
[%emt 0:00:23]} 30. Rd5 {[%emt 0:02:11]} Bd4 {[%emt 0:00:33]} 31. Nxc5 {
[%emt 0:00:56]} Bxc5 {[%emt 0:00:45]} 32. Bd3 {[%emt 0:00:05]} Rb4 {[%emt 0:00:
51]} 33. Rxc5 {[%emt 0:00:09]} Rd4 {[%emt 0:00:06]} 34. Ke2 {[%emt 0:00:11]}
1-0

[Event "European School Championships"]
[Site "Rhodes, Greece"]
[Date "2022.04.21"]
[Round "1.1"]
[White "Morkunas, Gustas"]
[Black "Ball, Charlie"]
[Result "1-0"]
[WhiteElo "1938"]
[BlackElo "1272"]
[PlyCount "47"]
[EventDate "2022.04.21"]
[EventRounds "9"]

1. e4 {[%emt 0:00:07]} d5 {[%emt 0:00:08]} 2. exd5 {[%emt 0:00:06]} Nf6 {
[%emt 0:00:04]} 3. d4 {[%emt 0:00:09]} Bg4 {[%emt 0:00:05]} 4. Bb5+ {[%emt 0:
01:44]} Nbd7 {[%emt 0:00:14]} 5. Be2 {[%emt 0:00:18]} Bxe2 {[%emt 0:00:14]} 6.
Qxe2 {[%emt 0:00:05]} Nxd5 {[%emt 0:01:43]} 7. Nf3 {[%emt 0:01:11]} e6 {
[%emt 0:06:24]} 8. O-O {[%emt 0:02:20]} Bd6 {[%emt 0:05:00]} 9. g3 {[%emt 0:05:
39]} c6 {[%emt 0:09:06]} 10. c4 {[%emt 0:03:45]} N5f6 {[%emt 0:04:41]} 11. Nc3
{[%emt 0:02:34]} Qe7 {[%emt 0:06:35]} 12. Re1 {[%emt 0:06:43]} O-O-O {[%emt 0:
06:35]} 13. c5 {[%emt 0:04:07]} Bc7 {[%emt 0:01:26]} 14. b4 {[%emt 0:01:48]}
Nf8 {[%emt 0:10:40]} 15. b5 {[%emt 0:05:37]} Ba5 {[%emt 0:03:04]} 16. Bd2 {
[%emt 0:01:37]} Bxc3 {[%emt 0:01:23]} 17. Bxc3 {[%emt 0:00:02]} Nd5 {[%emt 0:
00:18]} 18. Ba5 {[%emt 0:01:54]} Nc7 {[%emt 0:02:35]} 19. bxc6 {[%emt 0:00:25]}
bxc6 {[%emt 0:01:24]} 20. Ne5 {[%emt 0:01:53]} Qe8 {[%emt 0:01:51]} 21. Bxc7 {
[%emt 0:03:43]} Kxc7 {[%emt 0:00:57]} 22. Qa6 {[%emt 0:00:13]} Ra8 {[%emt 0:02:
28]} 23. Rab1 {[%emt 0:00:28]} Qc8 {[%emt 0:00:39]} 24. Qa5# {[%emt 0:00:43]}
1-0

[Event "European School Championships"]
[Site "Rhodes, Greece"]
[Date "2022.04.21"]
[Round "1.2"]
[White "Choullis, Agisilaos Georgios"]
[Black "Stathatos, Alexandros"]
[Result "0-1"]
[WhiteElo "1251"]
[BlackElo "1815"]
[PlyCount "74"]
[EventDate "2022.04.21"]
[EventRounds "9"]

1. e4 {[%emt 0:00:02]} c5 {[%emt 0:00:09]} 2. Nf3 {[%emt 0:00:07]} Nc6 {
[%emt 0:00:06]} 3. d4 {[%emt 0:00:23]} cxd4 {[%emt 0:00:13]} 4. Nxd4 {[%emt 0:
00:07]} Nf6 {[%emt 0:00:10]} 5. Nc3 {[%emt 0:00:16]} e5 {[%emt 0:00:11]} 6.
Ndb5 {[%emt 0:01:03]} d6 {[%emt 0:00:18]} 7. Nd5 {[%emt 0:02:38]} Nxd5 {
[%emt 0:00:12]} 8. exd5 {[%emt 0:00:35]} Nb8 {[%emt 0:00:46]} 9. Be3 {[%emt 0:
04:40]} a6 {[%emt 0:02:24]} 10. Nc3 {[%emt 0:00:14]} Be7 {[%emt 0:00:11]} 11.
Be2 {[%emt 0:00:20]} O-O {[%emt 0:02:01]} 12. Bg4 {[%emt 0:04:56]} f5 {[%emt 0:
01:47]} 13. Be2 {[%emt 0:03:31]} Nd7 {[%emt 0:04:53]} 14. f4 {[%emt 0:03:44]}
Nf6 {[%emt 0:06:07]} 15. Qd2 {[%emt 0:05:13]} b5 {[%emt 0:05:09]} 16. Bf3 {
[%emt 0:09:40]} e4 {[%emt 0:12:37]} 17. Be2 {[%emt 0:00:21]} Bd7 {[%emt 0:04:
28]} 18. a3 {[%emt 0:08:39]} Qc8 {[%emt 0:07:04]} 19. h3 {[%emt 0:08:50]} h5 {
[%emt 0:03:00]} 20. Bd4 {[%emt 0:03:28]} g6 {[%emt 0:01:27]} 21. Qe3 {[%emt 0:
01:42]} Qb7 {[%emt 0:13:13]} 22. g4 {[%emt 0:12:26]} Nxd5 {[%emt 0:16:26]} 23.
Nxd5 {[%emt 0:00:30]} Bh4+ {[%emt 0:01:12]} 24. Kf1 {[%emt 0:00:41]} Qxd5 {
[%emt 0:00:09]} 25. gxh5 {[%emt 0:00:20]} g5 {[%emt 0:01:45]} 26. Rg1 {[%emt 0:
02:50]} Kh7 {[%emt 0:01:20]} 27. c3 {[%emt 0:04:35]} Qe6 {[%emt 0:05:46]} 28.
Rg2 {[%emt 0:07:13]} Qe7 {[%emt 0:00:57]} 29. Bd1 {[%emt 0:04:54]} gxf4 {
[%emt 0:03:04]} 30. Qxf4 {[%emt 0:01:04]} Rg8 {[%emt 0:00:09]} 31. Rg6 {
[%emt 0:03:00]} Rxg6 {[%emt 0:01:58]} 32. hxg6+ {[%emt 0:00:09]} Kxg6 {[%emt 0:
00:08]} 33. Be3 {[%emt 0:00:48]} Bg5 {[%emt 0:01:11]} 34. Qg3 {[%emt 0:00:25]}
f4 {[%emt 0:00:45]} 35. Bxf4 {[%emt 0:01:38]} Rf8 {[%emt 0:00:23]} 36. h4 {
[%emt 0:05:19]} Rxf4+ {[%emt 0:00:06]} 37. Kg2 Rxh4 {[%emt 0:00:15]} 0-1

[Event "European School Championships"]
[Site "Rhodes, Greece"]
[Date "2022.04.21"]
[Round "1.3"]
[White "Dasgupta, Avyukt"]
[Black "Deliezos, Anastasios"]
[Result "0-1"]
[WhiteElo "1748"]
[BlackElo "1228"]
[PlyCount "58"]
[EventDate "2022.04.21"]
[EventRounds "9"]

1. d4 {[%emt 0:00:03]} d5 {[%emt 0:00:07]} 2. Nf3 {[%emt 0:00:05]} Nf6 {
[%emt 0:00:03]} 3. g3 {[%emt 0:00:07]} c5 {[%emt 0:00:36]} 4. c3 {[%emt 0:00:
46]} Bf5 {[%emt 0:00:46]} 5. Bg2 {[%emt 0:00:50]} e6 {[%emt 0:00:43]} 6. Bg5 {
[%emt 0:01:02]} Be7 {[%emt 0:00:49]} 7. O-O {[%emt 0:00:29]} O-O {[%emt 0:00:
26]} 8. Re1 {[%emt 0:01:06]} Nc6 {[%emt 0:01:04]} 9. e3 {[%emt 0:11:25]} c4 {
[%emt 0:01:52]} 10. Nbd2 {[%emt 0:01:44]} Bd3 {[%emt 0:01:46]} 11. Bxf6 {
[%emt 0:05:39]} Bxf6 {[%emt 0:00:25]} 12. e4 {[%emt 0:00:04]} b5 {[%emt 0:02:
03]} 13. Ne5 {[%emt 0:02:36]} Bxe5 {[%emt 0:02:27]} 14. dxe5 {[%emt 0:02:10]}
d4 {[%emt 0:02:06]} 15. a4 {[%emt 0:12:21]} b4 {[%emt 0:07:24]} 16. cxb4 {
[%emt 0:07:40]} Nxb4 {[%emt 0:00:50]} 17. Rc1 {[%emt 0:00:16]} Rc8 {[%emt 0:01:
24]} 18. Bf1 {[%emt 0:02:38]} c3 {[%emt 0:02:31]} 19. bxc3 {[%emt 0:00:22]}
dxc3 {[%emt 0:00:41]} 20. Nb3 {[%emt 0:00:17]} Bxf1 {[%emt 0:06:43]} 21. Kxf1 {
[%emt 0:00:27]} Nd3 {[%emt 0:01:57]} 22. Re3 {[%emt 0:01:06]} Nxc1 {[%emt 0:00:
10]} 23. Qxc1 {[%emt 0:00:24]} Qc7 {[%emt 0:01:29]} 24. Nd4 {[%emt 0:00:54]}
Qc4+ {[%emt 0:01:51]} 25. Ne2 {[%emt 0:00:16]} c2 {[%emt 0:02:23]} 26. Kg2 {
[%emt 0:02:23]} Rfd8 {[%emt 0:00:53]} 27. Nc3 {[%emt 0:00:39]} Qxc3 {[%emt 0:
01:04]} 28. Rxc3 {[%emt 0:00:10]} Rxc3 {[%emt 0:00:17]} 29. Qg5 {[%emt 0:00:07]
} Rcc8 {[%emt 0:00:49]} 0-1

[Event "European School Championships"]
[Site "Rhodes, Greece"]
[Date "2022.04.21"]
[Round "1.4"]
[White "Frydel, Marcel"]
[Black "Sakmak, Kutay"]
[Result "0-1"]
[WhiteElo "1223"]
[BlackElo "1718"]
[PlyCount "100"]
[EventDate "2022.04.21"]
[EventRounds "9"]

1. e4 c5 {[%emt 0:00:12]} 2. d4 {[%emt 0:00:07]} cxd4 {[%emt 0:00:06]} 3. c3 {
[%emt 0:00:14]} Nf6 {[%emt 0:00:12]} 4. e5 {[%emt 0:01:26]} Nd5 {[%emt 0:00:11]
} 5. cxd4 {[%emt 0:00:12]} d6 {[%emt 0:00:32]} 6. Bc4 {[%emt 0:00:30]} Nb6 {
[%emt 0:01:56]} 7. Qb3 {[%emt 0:01:37]} Nxc4 {[%emt 0:00:54]} 8. Qxc4 {[%emt 0:
00:11]} Nc6 {[%emt 0:03:11]} 9. Nf3 {[%emt 0:02:08]} d5 {[%emt 0:01:13]} 10.
Qd3 {[%emt 0:02:08]} g6 {[%emt 0:02:26]} 11. Nc3 {[%emt 0:00:55]} Bg7 {[%emt 0:
03:22]} 12. h3 {[%emt 0:01:31]} O-O {[%emt 0:00:34]} 13. O-O {[%emt 0:01:04]}
a6 {[%emt 0:02:50]} 14. a3 {[%emt 0:01:56]} Bf5 {[%emt 0:00:41]} 15. Qe2 {
[%emt 0:02:00]} Rc8 {[%emt 0:05:13]} 16. Bf4 {[%emt 0:03:30]} b5 {[%emt 0:08:
16]} 17. b4 {[%emt 0:04:03]} Nxe5 {[%emt 0:03:06]} 18. Bxe5 {[%emt 0:03:28]}
Rxc3 {[%emt 0:00:53]} 19. Rfc1 {[%emt 0:02:32]} Qc8 {[%emt 0:09:03]} 20. Qe1 {
[%emt 0:10:47]} Rxc1 {[%emt 0:03:54]} 21. Rxc1 {[%emt 0:00:25]} Qe6 {[%emt 0:
01:01]} 22. Bxg7 {[%emt 0:02:30]} Kxg7 {[%emt 0:03:42]} 23. Qxe6 {[%emt 0:01:
39]} Bxe6 {[%emt 0:00:51]} 24. Ng5 {[%emt 0:00:46]} Bf5 {[%emt 0:02:10]} 25. g4
{[%emt 0:01:02]} Rc8 {[%emt 0:00:58]} 26. Re1 {[%emt 0:01:08]} h6 {[%emt 0:09:
48]} 27. gxf5 {[%emt 0:01:55]} hxg5 {[%emt 0:01:02]} 28. Rxe7 {[%emt 0:01:36]}
Rc3 {[%emt 0:07:53]} 29. fxg6 {[%emt 0:00:54]} Kxg6 {[%emt 0:00:05]} 30. Re3 {
[%emt 0:00:13]} Rxe3 {[%emt 0:00:45]} 31. fxe3 {[%emt 0:00:09]} Kf5 {[%emt 0:
00:14]} 32. Kf2 {[%emt 0:00:51]} Ke4 {[%emt 0:00:44]} 33. Kg3 {[%emt 0:07:32]}
f5 {[%emt 0:01:30]} 34. Kf2 {[%emt 0:00:37]} Kd3 {[%emt 0:00:08]} 35. Kf3 {
[%emt 0:00:25]} g4+ {[%emt 0:00:09]} 36. hxg4 {[%emt 0:01:11]} fxg4+ {[%emt 0:
00:06]} 37. Kxg4 {[%emt 0:01:28]} Kxe3 {[%emt 0:00:07]} 38. Kf5 {[%emt 0:05:42]
} Kxd4 {[%emt 0:00:52]} 39. Ke6 {[%emt 0:03:16]} Kc4 {[%emt 0:00:06]} 40. Kd6 {
[%emt 0:02:04]} d4 {[%emt 0:00:06]} 41. Kc6 {[%emt 0:01:25]} d3 {[%emt 0:00:10]
} 42. a4 {[%emt 0:00:49]} Kxb4 {[%emt 0:00:23]} 43. axb5 {[%emt 0:00:11]} axb5
{[%emt 0:00:03]} 44. Kb6 {[%emt 0:00:33]} d2 {[%emt 0:00:04]} 45. Ka6 {[%emt 0:
00:13]} d1=Q {[%emt 0:00:10]} 46. Kb6 {[%emt 0:00:17]} Qd6+ {[%emt 0:00:04]}
47. Ka7 {[%emt 0:00:13]} Ka5 {[%emt 0:00:08]} 48. Ka8 {[%emt 0:00:25]} Qd7 {
[%emt 0:00:05]} 49. Kb8 {[%emt 0:00:20]} Kb6 {[%emt 0:00:06]} 50. Ka8 {[%emt 0:
00:16]} Qd8# {[%emt 0:00:05]} 0-1

[Event "European School Championships"]
[Site "Rhodes, Greece"]
[Date "2022.04.21"]
[Round "1.5"]
[White "Gurer, Oguz Kagan"]
[Black "Tsimplis, Panagiotis"]
[Result "1-0"]
[WhiteElo "1690"]
[BlackElo "1045"]
[PlyCount "99"]
[EventDate "2022.04.21"]
[EventRounds "9"]

1. e4 {[%emt 0:00:01]} e5 {[%emt 0:00:13]} 2. Nf3 {[%emt 0:00:03]} Nc6 {
[%emt 0:00:33]} 3. Bc4 {[%emt 0:00:05]} Bc5 {[%emt 0:00:49]} 4. O-O {[%emt 0:
00:49]} Nf6 {[%emt 0:00:56]} 5. d4 {[%emt 0:00:07]} Bxd4 {[%emt 0:05:31]} 6. c3
{[%emt 0:10:55]} Bc5 {[%emt 0:00:02]} 7. b4 {[%emt 0:00:10]} Bb6 {[%emt 0:01:
00]} 8. b5 {[%emt 0:00:18]} Na5 {[%emt 0:03:33]} 9. Nxe5 {[%emt 0:01:21]} Nxc4
{[%emt 0:01:48]} 10. Nxc4 {[%emt 0:00:04]} Nxe4 {[%emt 0:01:46]} 11. Nxb6 {
[%emt 0:00:15]} axb6 {[%emt 0:03:14]} 12. Re1 {[%emt 0:00:04]} d5 {[%emt 0:03:
40]} 13. f3 {[%emt 0:00:11]} Bf5 {[%emt 0:10:18]} 14. fxe4 {[%emt 0:01:18]}
Bxe4 {[%emt 0:01:26]} 15. Nd2 {[%emt 0:00:37]} Qe7 {[%emt 0:04:05]} 16. Nxe4 {
[%emt 0:00:23]} dxe4 {[%emt 0:01:08]} 17. a4 {[%emt 0:00:16]} Qc5+ {[%emt 0:01:
58]} 18. Qd4 {[%emt 0:01:46]} Qxd4+ {[%emt 0:04:54]} 19. cxd4 {[%emt 0:00:31]}
f5 {[%emt 0:02:22]} 20. Bf4 {[%emt 0:00:06]} O-O-O {[%emt 0:02:54]} 21. Be5 {
[%emt 0:00:11]} Rd7 {[%emt 0:02:21]} 22. g4 {[%emt 0:00:53]} f4 {[%emt 0:08:21]
} 23. Rxe4 {[%emt 0:00:17]} f3 {[%emt 0:01:25]} 24. Kf2 {[%emt 0:00:09]} Rf8 {
[%emt 0:01:24]} 25. Rc1 {[%emt 0:00:13]} Rdf7 {[%emt 0:06:58]} 26. Rc3 {
[%emt 0:00:32]} g6 {[%emt 0:02:07]} 27. Ree3 {[%emt 0:00:23]} h5 {[%emt 0:04:
38]} 28. gxh5 {[%emt 0:00:39]} gxh5 {[%emt 0:00:37]} 29. Rxf3 {[%emt 0:00:01]}
Rxf3+ {[%emt 0:02:48]} 30. Rxf3 {[%emt 0:00:02]} Rg8 {[%emt 0:02:37]} 31. Rf7 {
[%emt 0:00:20]} Kb8 {[%emt 0:02:04]} 32. Rxc7 {[%emt 0:00:21]} Ka8 {[%emt 0:01:
32]} 33. Rh7 {[%emt 0:00:03]} Rf8+ {[%emt 0:00:51]} 34. Ke2 {[%emt 0:00:10]}
Rc8 {[%emt 0:02:31]} 35. Rh8 {[%emt 0:00:09]} Rxh8 {[%emt 0:01:00]} 36. Bxh8 {
[%emt 0:00:02]} Kb8 {[%emt 0:01:02]} 37. d5 {[%emt 0:00:02]} Kc7 {[%emt 0:00:
25]} 38. Be5+ {[%emt 0:00:03]} Kd7 {[%emt 0:01:11]} 39. Kf3 {[%emt 0:00:04]}
Kc8 {[%emt 0:01:39]} 40. h4 Kd7 {[%emt 0:01:04]} 41. Kf4 {[%emt 0:00:01]} Ke7 {
[%emt 0:00:24]} 42. Kg5 {[%emt 0:00:01]} Kf7 {[%emt 0:01:01]} 43. Kxh5 {
[%emt 0:00:02]} Kf8 {[%emt 0:00:40]} 44. Kg6 {[%emt 0:00:02]} Kg8 {[%emt 0:00:
56]} 45. h5 {[%emt 0:00:01]} Kf8 {[%emt 0:00:29]} 46. h6 {[%emt 0:00:02]} Ke7 {
[%emt 0:00:33]} 47. h7 {[%emt 0:00:02]} Ke8 {[%emt 0:01:05]} 48. h8=Q+ {
[%emt 0:00:31]} Kd7 49. Qg7+ {[%emt 0:00:04]} Kc8 {[%emt 0:00:21]} 50. Qc7# {
[%emt 0:00:02]} 1-0

[Event "European School Championships"]
[Site "Rhodes, Greece"]
[Date "2022.04.21"]
[Round "1.6"]
[White "Kakas, Michail"]
[Black "Hobson, Kenneth"]
[Result "0-1"]
[WhiteElo "1028"]
[BlackElo "1674"]
[PlyCount "58"]
[EventDate "2022.04.21"]
[EventRounds "9"]

1. e4 {[%emt 0:00:04]} e5 {[%emt 0:00:07]} 2. Nf3 {[%emt 0:00:07]} Nc6 {
[%emt 0:00:05]} 3. d4 {[%emt 0:00:20]} exd4 {[%emt 0:00:30]} 4. Nxd4 {[%emt 0:
00:11]} Bc5 {[%emt 0:00:06]} 5. Nxc6 {[%emt 0:01:16]} Qf6 {[%emt 0:00:09]} 6.
Qe2 {[%emt 0:00:42]} bxc6 {[%emt 0:01:42]} 7. Nc3 {[%emt 0:03:07]} Ne7 {
[%emt 0:01:18]} 8. h4 {[%emt 0:02:59]} h6 {[%emt 0:03:48]} 9. g3 {[%emt 0:04:
34]} d6 {[%emt 0:03:50]} 10. e5 {[%emt 0:05:58]} Qxe5 {[%emt 0:03:59]} 11. Qxe5
{[%emt 0:02:32]} dxe5 {[%emt 0:00:18]} 12. Be3 {[%emt 0:01:36]} Bxe3 {[%emt 0:
01:33]} 13. fxe3 {[%emt 0:00:22]} O-O {[%emt 0:01:11]} 14. O-O-O {[%emt 0:00:
12]} Nf5 {[%emt 0:01:10]} 15. Bg2 {[%emt 0:05:49]} Nxe3 {[%emt 0:01:04]} 16.
Bxc6 {[%emt 0:00:26]} Nxd1 {[%emt 0:00:12]} 17. Bxa8 {[%emt 0:00:21]} Nxc3 {
[%emt 0:00:15]} 18. bxc3 {[%emt 0:00:09]} Be6 {[%emt 0:00:34]} 19. Be4 {
[%emt 0:02:55]} Bxa2 {[%emt 0:01:03]} 20. g4 {[%emt 0:00:44]} Rd8 {[%emt 0:04:
16]} 21. g5 {[%emt 0:01:14]} hxg5 {[%emt 0:01:06]} 22. hxg5 {[%emt 0:01:48]}
Be6 {[%emt 0:01:46]} 23. g6 {[%emt 0:01:24]} fxg6 {[%emt 0:01:27]} 24. Bxg6 {
[%emt 0:00:10]} Kf8 {[%emt 0:00:22]} 25. Rf1+ {[%emt 0:00:28]} Ke7 {[%emt 0:00:
15]} 26. Bf5 {[%emt 0:01:40]} Rf8 {[%emt 0:01:29]} 27. Rg1 {[%emt 0:00:50]}
Rxf5 {[%emt 0:00:16]} 28. Rxg7+ {[%emt 0:00:15]} Rf7 {[%emt 0:00:05]} 29. Rg4 {
[%emt 0:00:21]} Bxg4 {[%emt 0:00:08]} 0-1

[Event "European School Championships"]
[Site "Rhodes, Greece"]
[Date "2022.04.22"]
[Round "2.1"]
[White "Tabatadze, Erekle"]
[Black "Morkunas, Gustas"]
[Result "0-1"]
[WhiteElo "1557"]
[BlackElo "1938"]
[PlyCount "76"]
[EventDate "2022.04.21"]
[EventRounds "9"]

1. d4 {[%emt 0:00:02]} d5 {[%emt 0:00:12]} 2. Nf3 {[%emt 0:00:09]} Nf6 {
[%emt 0:01:28]} 3. c4 {[%emt 0:00:16]} e6 {[%emt 0:02:05]} 4. Nc3 {[%emt 0:02:
32]} dxc4 {[%emt 0:02:12]} 5. e3 {[%emt 0:02:35]} c5 {[%emt 0:01:17]} 6. Bxc4 {
[%emt 0:00:11]} a6 {[%emt 0:00:15]} 7. a4 {[%emt 0:06:00]} Nc6 {[%emt 0:02:34]}
8. O-O {[%emt 0:02:07]} Be7 {[%emt 0:02:26]} 9. Ne5 {[%emt 0:11:41]} Nb4 {
[%emt 0:11:22]} 10. b3 {[%emt 0:14:42]} O-O {[%emt 0:07:18]} 11. Bb2 {[%emt 0:
01:51]} Qc7 {[%emt 0:08:39]} 12. a5 {[%emt 0:10:54]} Rd8 {[%emt 0:04:16]} 13.
Na4 {[%emt 0:04:30]} Qxa5 {[%emt 0:17:45]} 14. Nxc5 {[%emt 0:02:35]} Qc7 {
[%emt 0:00:08]} 15. Ncd3 {[%emt 0:08:46]} Nbd5 {[%emt 0:02:10]} 16. Qe2 {
[%emt 0:06:39]} Bd7 {[%emt 0:07:00]} 17. Rfc1 {[%emt 0:03:37]} Qb8 {[%emt 0:01:
35]} 18. Nc5 {[%emt 0:05:44]} Be8 {[%emt 0:04:23]} 19. f4 {[%emt 0:06:27]} a5 {
[%emt 0:02:24]} 20. Qf3 {[%emt 0:04:30]} b6 {[%emt 0:05:09]} 21. Ncd3 {[%emt 0:
04:57]} Qb7 {[%emt 0:03:20]} 22. g4 {[%emt 0:05:05]} b5 {[%emt 0:02:48]} 23.
Bxd5 {[%emt 0:00:08]} Qxd5 {[%emt 0:01:01]} 24. Qxd5 {[%emt 0:00:31]} Nxd5 {
[%emt 0:00:33]} 25. e4 {[%emt 0:00:47]} Nf6 {[%emt 0:00:31]} 26. Nf2 {[%emt 0:
00:13]} a4 {[%emt 0:01:46]} 27. bxa4 bxa4 28. Nc4 {[%emt 0:00:36]} Rab8 {
[%emt 0:01:02]} 29. Rc2 {[%emt 0:01:30]} h6 {[%emt 0:00:45]} 30. f5 {[%emt 0:
00:52]} Rdc8 {[%emt 0:00:35]} 31. Rac1 {[%emt 0:01:05]} Kh7 {[%emt 0:01:10]}
32. Na3 {[%emt 0:00:40]} Rxc2 {[%emt 0:00:25]} 33. Rxc2 {[%emt 0:00:09]} Rb3 {
[%emt 0:01:17]} 34. Nc4 a3 {[%emt 0:00:20]} 35. Bc1 {[%emt 0:00:40]} Rb1 {
[%emt 0:00:30]} 36. Nd3 {[%emt 0:00:35]} Nxe4 {[%emt 0:00:21]} 37. Kg2 {
[%emt 0:00:25]} Bb5 {[%emt 0:00:41]} 38. Nce5 {[%emt 0:00:40]} f6 {[%emt 0:00:
25]} 0-1